Dibujos /
Guardat en:
| Autor principal: | |
|---|---|
| Format: | Desconegut |
| Matèries: | |
| Etiquetes: |
Afegir etiqueta
Sense etiquetes, Sigues el primer a etiquetar aquest registre!
|
MARC
| LEADER | 000000000a22000000004500 | ||
|---|---|---|---|
| 001 | 005515 | ||
| 100 | 1 | |a Martí, Gerardo | |
| 245 | 1 | 0 | |a Dibujos / |c Gerardo Martí. |
| 310 | |a Trimestral | ||
| 650 | 4 | |a DIBUJOS ESPAÑOLES | |
| 773 | 0 | |d Heredia, Costa Rica : Editorial de la Universidad Nacional |t Letras |g número 4-5 (1980), páginas 265-273 | |
| 942 | |c ARC | ||
| 999 | |c 12311 |d 12311 | ||
